000 01707 a2200205 4500
001 54730
005 20260407155822.0
008 260407a1968 arg spa d
003 AR-UNSa-BCEJYS
040 _aAR-UNSa-BCEJYS
_bspa
_cAR-UNSa-BCEJYS
080 _a327
_xRelaciones internacionales. Política internacional. Asuntos internacionales. Política exterior
245 1 0 _aLa población
_pun análisis actual
264 1 _aMadrid :
_bTecnos
_c1968
300 _a578 p.
_c23 cm.
505 _aI. La población como campo de estudio - Primera parte: La población de los Estados Unidos - II. El crecimiento de la población: Perspectiva general - III. Fuentes de los datos demográficos - IV. La estructura de sexos y edades - V. La política de imigración norteamericana - VI. El desarrollo de una población nacional - VII. La migración interna - VIII. Urbanismo y urbanización - IX. Familia y fertilidad - X. Morbilidad y mortalidad - XI. Previsiones en torno a la población - Segunda parte: La población en varios tipos de sociedad - XII. La población de las sociedades primitivas - XIII. La población de las civilizaciones preindustriales - XIV. La población durante la revolución industrial - XV. La población de las sociedades totalitarias - XVI. La población de los países subdesarrollados - Tercera parte: Los determinantes generales de la población - XVII. La teoría maltusiana y su evolución - XVIII. Los determinantes generales de la fertilidad - XIX. Los determinantes generales de la mortalidad - XX. Los determinantes generales de la migración
942 _cBK
590 _aniveau_biblio:m niveau_hierar:0
100 1 _aPetersen, William
700 1 _aCazorla Perez, Jose
999 _c5752
_d5752